|
|
|
|
| LEADER |
00000cam a2200000 a 4500 |
| 001 |
vtls008406541 |
| 003 |
SK-MaSNL |
| 005 |
20260426010103.0 |
| 008 |
230403s1948 xo 000 0 slo |
| 015 |
|
|
|a SNBA19451955-013868
|
| 035 |
|
|
|a SK01SNKBKSFS20010098758
|
| 035 |
|
|
|a urn:nbn:sk:snk-am3hwpr
|
| 035 |
|
|
|a EB0A5814-E547-4940-AAB1-37D05947A95B
|
| 035 |
|
|
|a urn:nbn:sk:snk-am00dbot
|
| 035 |
|
|
|a SKM000101221
|
| 040 |
|
|
|a SNK
|b slo
|c SNK
|e AACR2
|
| 041 |
0 |
|
|a slo
|
| 044 |
|
|
|a xo
|c SK
|
| 080 |
|
|
|a 331
|2 1981
|
| 245 |
0 |
0 |
|a Za lepší život
|b z plenárneho zasadnutia Slovenskej odborovej rady, konaného dňa 22. júla 1948 v Bratislave : prejavy, usnesenia a ďalšie úlohy
|
| 260 |
|
|
|a Bratislava
|b Práca
|c 1948
|e Bratislava
|f Slovenská Grafia
|
| 300 |
|
|
|a 77, [3] s.
|c 21 cm
|
| 610 |
2 |
7 |
|a Revolučné odborové hnutie.
|b Slovenská odborová rada
|2 SNK
|9 180108
|
| 650 |
0 |
7 |
|a odbory
|2 SNKPH
|9 2328
|
| 651 |
|
7 |
|a Slovensko
|2 SNKPHgeo
|9 14231
|
| 655 |
|
7 |
|a prejavy
|2 SNKPH
|9 70401
|
| 655 |
|
7 |
|a uznesenia
|2 SNKPH
|9 70216
|
| 700 |
1 |
|
|a Zupka, František,
|d 1901-1976
|4 oth
|9 131428
|
| 852 |
|
|
|a Slovenská národná knižnica
|
| 954 |
|
|
|a odborná, vedecká literatúra pôvodná (slovenská)
|2 lita
|
| 958 |
|
|
|a OND
|
| 958 |
|
|
|a RK
|
| 958 |
|
|
|a TL
|
| 958 |
|
|
|a EUIPO
|
| 999 |
|
|
|c 1024982
|d 1026912
|
| 952 |
|
|
|a SNK
|b SNK
|y VYP
|7 0
|p 17A0588424
|o snkSD 6005 D1
|i snkVI. 442/55
|0 0
|1 0
|4 0
|d 2008-05-21
|l 0
|r 2026-02-24 13:36:09
|w 2026-02-24
|
| 952 |
|
|
|a SNK
|b SNK
|y VYP
|7 0
|p 17A0588423
|o snkSD 6005 D2
|i snkVI. 745/55
|0 0
|1 0
|4 0
|d 2008-05-21
|l 0
|r 2026-02-24 13:36:09
|w 2026-02-24
|
| 952 |
|
|
|a SNK
|b SNK
|y PREZ
|7 0
|p 17A0910060
|o snkSD 6005
|i snk4795/48
|0 0
|1 0
|4 0
|d 2018-12-04
|f 1
|l 0
|r 2025-11-13 00:00:00
|w 2026-02-24
|